<?xml version="1.0" encoding="UTF-8"?>
<record
    xmlns:xsi="http://www.w3.org/2001/XMLSchema-instance"
    xsi:schemaLocation="http://www.loc.gov/MARC21/slim http://www.loc.gov/standards/marcxml/schema/MARC21slim.xsd"
    xmlns="http://www.loc.gov/MARC21/slim">

  <leader>01846cam a2200373 i 4500</leader>
  <controlfield tag="001">nkc20183061358</controlfield>
  <controlfield tag="003">CZ PrSKC</controlfield>
  <controlfield tag="005">20260507091917.0</controlfield>
  <controlfield tag="007">ta</controlfield>
  <controlfield tag="008">181207s2018    xr     e      000 f cze d</controlfield>
  <datafield tag="020" ind1=" " ind2=" ">
    <subfield code="a">9788024383026</subfield>
  </datafield>
  <datafield tag="040" ind1=" " ind2=" ">
    <subfield code="a">TUG001</subfield>
    <subfield code="b">cze</subfield>
    <subfield code="d">OLA001</subfield>
    <subfield code="d">ABA001</subfield>
    <subfield code="e">rda</subfield>
  </datafield>
  <datafield tag="041" ind1="1" ind2=" ">
    <subfield code="a">cze</subfield>
    <subfield code="h">eng</subfield>
  </datafield>
  <datafield tag="072" ind1=" " ind2="7">
    <subfield code="a">821.111(73)-3</subfield>
    <subfield code="x">Americk&#xE1; pr&#xF3;za</subfield>
    <subfield code="2">Konspekt</subfield>
  </datafield>
  <datafield tag="080" ind1=" " ind2=" ">
    <subfield code="a">821.111(73)-31</subfield>
    <subfield code="2">MRF</subfield>
  </datafield>
  <datafield tag="080" ind1=" " ind2=" ">
    <subfield code="a">(0:82-312.4)</subfield>
    <subfield code="2">MRF</subfield>
  </datafield>
  <datafield tag="100" ind1="1" ind2=" ">
    <subfield code="a">Castillo, Linda,</subfield>
    <subfield code="d">1960-</subfield>
    <subfield code="4">aut</subfield>
    <subfield code="9">9516</subfield>
  </datafield>
  <datafield tag="240" ind1="1" ind2="0">
    <subfield code="a">Dead will tell.</subfield>
    <subfield code="l">&#x10C;esky</subfield>
  </datafield>
  <datafield tag="245" ind1="1" ind2="0">
    <subfield code="a">Mrtv&#xED; promlouvaj&#xED; /</subfield>
    <subfield code="c">Linda Castillo ; p&#x159;eklad Lenka Faltejskov&#xE1;</subfield>
  </datafield>
  <datafield tag="250" ind1=" " ind2=" ">
    <subfield code="a">Vyd&#xE1;n&#xED; prvn&#xED;</subfield>
  </datafield>
  <datafield tag="264" ind1=" " ind2="1">
    <subfield code="a">Brno :</subfield>
    <subfield code="b">MOBA,</subfield>
    <subfield code="c">2018</subfield>
  </datafield>
  <datafield tag="300" ind1=" " ind2=" ">
    <subfield code="a">312 stran ;</subfield>
    <subfield code="c">21 cm</subfield>
  </datafield>
  <datafield tag="500" ind1=" " ind2=" ">
    <subfield code="a">P&#x159;elo&#x17E;eno z angli&#x10D;tiny</subfield>
  </datafield>
  <datafield tag="520" ind1="2" ind2=" ">
    <subfield code="a">&#x160;est&#xFD; d&#xED;l z voln&#xE9; &#x159;ady krimithriller&#x16F;, zasazen&#xFD;ch do ami&#x161;sk&#xE9; komunity, s hrdinkou Kate Burkholderovou. Kate zjist&#xED;, &#x17E;e &#xFA;dajn&#xE1; sebevra&#x17E;da na star&#xE9; farm&#x11B; m&#x16F;&#x17E;e b&#xFD;t ve skute&#x10D;nosti rafinovanou vra&#x17E;dou.</subfield>
    <subfield code="b">Vy&#x161;et&#x159;ov&#xE1;n&#xED; nejnov&#x11B;j&#x161;&#xED;ho zlo&#x10D;inu m&#xE1; v okol&#xED; dosti z&#xE1;hadnou p&#x159;&#xED;chu&#x165;. O farm&#x11B; Hochstetlerov&#xFD;ch, kde je nalezeno mrtv&#xE9; t&#x11B;lo star&#xE9;ho mu&#x17E;e, se &#x159;&#xED;k&#xE1;, &#x17E;e je proklet&#xE1;. Kate nehodl&#xE1; p&#x159;ijmout p&#x159;edpoklad, &#x17E;e se jedn&#xE1; o sebevra&#x17E;du a hodl&#xE1; podivnou smrt vy&#x161;et&#x159;it. Z&#xE1;hy zjist&#xED;, &#x17E;e se nem&#xFD;lila, nebo&#x165; se objev&#xED; dal&#x161;&#xED; podobn&#xFD; p&#x159;&#xED;pad. Kate se tak ve vy&#x161;et&#x159;ov&#xE1;n&#xED; pono&#x159;&#xED; hluboko do minulosti, kdy na farm&#x11B; p&#x159;ed v&#xED;ce ne&#x17E; t&#x159;iceti lety zahynul ami&#x161;sk&#xFD; otec se &#x10D;ty&#x159;mi d&#x11B;tmi a matka beze stopy zmizela.</subfield>
  </datafield>
  <datafield tag="655" ind1=" " ind2="7">
    <subfield code="a">americk&#xE9; rom&#xE1;ny</subfield>
  </datafield>
  <datafield tag="655" ind1=" " ind2="7">
    <subfield code="a">detektivn&#xED; rom&#xE1;ny</subfield>
  </datafield>
  <datafield tag="655" ind1=" " ind2="7">
    <subfield code="a">thrillery (rom&#xE1;ny)</subfield>
    <subfield code="9">20</subfield>
  </datafield>
  <datafield tag="655" ind1=" " ind2="9">
    <subfield code="a">American fiction</subfield>
  </datafield>
  <datafield tag="655" ind1=" " ind2="9">
    <subfield code="a">detective novels</subfield>
  </datafield>
  <datafield tag="655" ind1=" " ind2="9">
    <subfield code="a">thrillers (novels)</subfield>
    <subfield code="9">125</subfield>
  </datafield>
  <datafield tag="700" ind1="1" ind2=" ">
    <subfield code="a">Faltejskov&#xE1;, Lenka,</subfield>
    <subfield code="d">1974-</subfield>
    <subfield code="4">trl</subfield>
    <subfield code="9">5586</subfield>
  </datafield>
  <datafield tag="910" ind1=" " ind2=" ">
    <subfield code="a">ABG508</subfield>
  </datafield>
  <datafield tag="952" ind1=" " ind2=" ">
    <subfield code="1">0</subfield>
    <subfield code="2">udc</subfield>
    <subfield code="4">0</subfield>
    <subfield code="0"></subfield>
  </datafield>
  <datafield tag="999" ind1=" " ind2=" ">
    <subfield code="c">34260</subfield>
    <subfield code="d">34260</subfield>
  </datafield>
</record>
